Paul Strand /

Hlavní autor: Vrba, František, 1920-1985
Další autoři: Strand, Paul, 1890-1976
Jazyk: Čeština
Vydáno: Praha : SNKLU, 1961
Vydání: 1. vyd.
Edice: Umělecká fotografie (SNKLU)
Témata:
Externí odkaz: Digitalizovaný dokument
Fyzický popis: 12 s., 64 fot. příl.
Knihy
Uloženo v:
LEADER 01314nam a22003252a 4500
001 000289404
003 CZ BrMZK
005 20120424112927.0
007 ta
008 980107s1961 xr f cze d
015 |a cnb000611659 
035 |a (OCoLC)85466339 
040 |a BOA001  |b cze 
100 1 |a Vrba, František,  |d 1920-1985  |7 jk01150960 
245 1 0 |a Paul Strand /  |c František Vrba 
250 |a 1. vyd. 
260 |a Praha :  |b SNKLU,  |c 1961 
300 |a 12 s., 64 fot. příl. 
490 1 |a Umělecká fotografie ;  |v sv. 2 
500 |a Dostupné též v digitální podobě v aplikaci Kramerius 
700 1 |a Strand, Paul,  |d 1890-1976  |7 jn20000701722  |4 pht 
830 0 |a Umělecká fotografie (SNKLU)  |0 s 
856 4 1 |u http://www.digitalniknihovna.cz/mzk/uuid/uuid:718b87d0-a6d4-11ec-b29b-005056827e52  |y Digitalizovaný dokument  |x NDK 
910 |a BOA001  |b PK-A-0007.347  |b PK-A-0007.395  |b 1-0461.245 
920 |a 000289396 
964 |a Strand, Paul - fotografie - sbírky 
990 |a BK 
996 6 |b 2619435550  |c 1-0461.245  |l MZK  |r Sklad / do 1 hodiny  |n 0  |w 000289404  |u 000030  |a 1  |e BOA001  |j MZK50  |s P 
996 7 |b 3119921030  |c PK-A-0007.347  |l MZK  |r Sklad / do 1 hodiny  |n 2  |w 000289404  |u 000010  |a 1  |e BOA001  |j MZK50  |s A 
996 7 |b 3119921034  |c PK-A-0007.395  |l MZK  |r Sklad / do 1 hodiny  |n 1  |w 000289404  |u 000020  |a 1  |e BOA001  |j MZK50  |s A